00692nam a2200253 a 4500001001300000003000900013005001700022008004100039020002300080082001600103100001900119245001600138260003600154300000900190500003500199505001000234650001400244650002200258700001900280902000800299942000700307952010900314999001500423nice12345678IN_TiNIC20260116013040.0050524s1991 newa grp 000 0 eng  a0145404 c12500a340.58bSMI aSmith, Brian K aLaw of Manu aNew DelhibPenguin Books c1991 a362p aincludes index and biblioraphy2 aIndex aManu-Laws aHindu Law-Ancient1 aSmith, Brian K bSRS cBK 00104070aHMIbHMId2007-05-01g125.00l4o340.58 SMIp016538r2022-01-31s2022-01-21w2026-01-16yEB c9427d9427